000 00206 a2200097 4500
001 56813
100 _a
245 _aPhysics, 5th ed vol.1
260 _aNY
_bJohn Wilay & sons
_c2005
090 _c34897
_d34897
942 _aNUST-CAE
_c
_c27665
999 _c291886
_d291886